Countries where Star Wars: The Force Awakens made at least $10M in Box Office (with a map) - Statistics

General Stats
  • This quiz has been taken 2,595 times
  • The average score is 16 of 18
Answers on the Map
Answers color-coded by a green-red scale on the quiz's map according to % correct below.
 
Answer Stats
Gross Answer % Correct
$936,662,225 United States & Canada
100%
$124,159,000 China
98%
$88,512,000 France, Algeria, Monaco, Morocco & Tunisia
98%
$67,327,000 Australia
97%
$25,952,000 Russia
97%
$182,474,000 United Kingdom, Ireland & Malta
97%
$27,827,000 Brazil
96%
$111,346,000 Germany
96%
$27,191,000 Mexico
96%
$36,296,000 Spain
96%
$28,211,000 Italy
94%
$97,863,000 Japan
90%
$16,684,000 Poland
84%
$21,346,000 Sweden
84%
$24,142,000 South Korea
75%
$15,581,000 Netherlands
73%
$11,033,000 Belgium & Luxembourg
70%
$11,987,000 Denmark
67%
No matching quizzes found
Score Distribution
Percent of People with Each Score
Percentile by Number Answered
Your Score History
You have not taken this quiz